Władcy Prus i cesarze Niemiec - Statystyki

Ogólne statystyki
  • Ten quiz został rozwiązany 328 razy
  • Średni wynik to 8 z 14
Statystyki odpowiedzi
Hint Odpowiedź % Poprawnych
1861-1871 Wilhelm I
92%
1871-1888 Wilhelm I
92%
1888-1918 Wilhelm II
88%
1701-1713 Fryderyk I
87%
1688-1701 Fryderyk III
72%
1888 Fryderyk III
72%
1713-1740 Fryderyk Wilhelm I
61%
1786–1797 Fryderyk Wilhelm II
57%
1797–1840 Fryderyk Wilhelm III
51%
1840–1861 Fryderyk Wilhelm IV
49%
1740-1786 Fryderyk II Wielki
45%
1618-1620 Jan Zygmunt
11%
1620-1640 Jerzy Wilhelm
10%
1640-1688 Fryderyk Wilhelm Wielki Elektor
9%
Nie znaleziono quizów pasujących do podanych kryteriów
Rozkład punktacji
Procent ludzi z każdym wynikiem
Percentyl według liczby udzielonych odpowiedzi
Twoja historia wyników
Nie rozwiązałeś tego quizu